000 00259nam a22001217a 4500
008 260403b ||||| |||| 00| 0 eng d
041 _aeng
080 _a1.1
100 _a20
101 _akomp
245 _aInterneti
_cEdmond E. Beqiri
942 _2udc
_cBK
999 _c60960
_d60960